000 01185nmc a2200397 a 4500
003 AR-BaBNM
005 20251128203958.0
008 011101s1994 ||||||||||||||000 | spa||
020 _a84-7112-358-4
040 _cAR-BaBNM
100 1 _aGrundy, Shirley
245 1 0 _aProducto o praxis del currículum
250 _a2ª ed.
260 _aMadrid
_bEdiciones Morata
_c1994
300 0 _a278 p.
_bil.
490 0 _aPedagogía. La pedagogía hoy
500 0 _aIntroducción de los directores de la colección Stephen Kemmis y Rob Walker
500 0 _aIndice de materias p. 266-276
504 _aBibliografía p. 259-265
650 4 _aPROCESO COGNOSCITIVO
650 4 _aPLAN DE ESTUDIOS
650 4 _aCONTENIDO DEL PROGRAMA
650 4 _aEVALUACION DEL PROGRAMA
650 4 _aCAMBIO DE ACTITUD
650 4 _aDESARROLLO DEL LENGUAJE
650 4 _aCALIDAD DE LA EDUCACION
650 4 _aAPRENDIZAJE
650 4 _aPROCESO DE APRENDIZAJE
650 4 _aPRACTICA DOCENTE
650 4 _aMEJORA DE LA EDUCACION
650 4 _aMETODOS DE INVESTIGACION
653 0 _aINVESTIGACION EDUCATIVA
700 1 _aManzano, Pablo
_etraductor
942 _cBK
998 _cCarmen
999 _c5687
_d5687